00000000nam 2200000zi 4500
0019.920978
003CaOODSP
00520231101101058
006m     o  d f      
007cr mn|||||||||
008230315t20232017qucab   ob   f000 0 eng d
020 |a9780660480428
040 |aCaOODSP|beng|erda|cCaOODSP
043 |an-cn-on
045 |ay1y1
0861 |aTU3-6/15-0173E-2-PDF
1102 |aTransportation Safety Board of Canada.|eauthor, |eissuing body.
24510|aNon-main-track runaway, collision and derailment, Canadian National Railway Company, cut of cars and train A42241-29, mile 0.0, Halton subdivision, MacMillan Yard, Concord, Ontario, 29 July 2015.
250 |a[Corrected version].
264 1|aGatineau QC : |bTransportation Safety Board of Canada = Bureau de la sécurité des transports du Canada, |c2023.
264 4|c©2017
300 |a1 online resource (iv, 54 pages) : |billustrations (chiefly colour), colour maps.
336 |atext|btxt|2rdacontent
337 |acomputer|bc|2rdamedia
338 |aonline resource|bcr|2rdacarrier
4901 |aRailway investigation report ; |vR15T0173
500 |aIssued also in French under title: Dérive, collision et déraillement de matériel roulant en voie non principale, Compagnie des chemins de fer nationaux du Canada, rame de wagons et train A42241-29, point milliaire 0,0, subdivision de Halton, triage MacMillan, Concord (Ontario), 29 juillet 2015.
500 |a"[T]he corrected version of the report was released on 05 April 2023"--Page 53.
504 |aIncludes bibliographical references.
650 0|aRailroad accidents|xInvestigation|zOntario.
77508|tDérive, collision et déraillement de matériel roulant en voie non principale, Compagnie des chemins de fer nationaux du Canada, rame de wagons et train A42241-29, point milliaire 0,0, subdivision de Halton, triage MacMillan, Concord (Ontario), 29 juillet 2015.|w(CaOODSP)9.920980
795 |tNon-main-track runaway, collision and derailment, Canadian National Railway Company, cut of cars and train A42241-29, mile 0.0, Halton subdivision, MacMillan Yard, Concord, Ontario |w(CaOODSP)9.845901
830#0|aRailway investigation report ;|vR15T0173.|w(CaOODSP)9.504849
85640|qPDF|s2.01 MB|uhttps://publications.gc.ca/collections/collection_2023/bst-tsb/TU3-6-15-0173-eng-2.pdf
8564 |qHTML|sN/A|uhttps://www.tsb.gc.ca/eng/rapports-reports/rail/2015/r15t0173/r15t0173.html